| 000 | 00654nam a2200217Ii 4500 | ||
|---|---|---|---|
| 003 | JO-AjNU | ||
| 008 | 230606s9999||||xx |||||||||||||| ||und|| | ||
| 020 | _a0-13-239278-x | ||
| 040 |
_aJO-AjNU _beng _erda _cJO-AjNU |
||
| 041 | _aeng | ||
| 050 | 1 | 4 | _aHF5635 .G483 1997 |
| 100 | 3 |
_aGillespie,Ian/ Lewis,Richard / Hamilton,Kay, _eauthor _93098 |
|
| 245 | 0 | 0 | _aPrinciples of Financial Accounting |
| 250 | _a1 ed | ||
| 264 | 3 | 1 | _aLondon: Prentice Hall,1997 |
| 300 |
_a472p _b Includes indexes(p 462-472) |
||
| 336 |
_atext _btxt _2rdacontent |
||
| 337 |
_aunmediated _bn _2rdamedia |
||
| 338 |
_avolume _bnc _2rdacarrier |
||
| 650 | 4 |
_aAccounting _93099 |
|
| 999 |
_aE1624 _c1624 _d1624 |
||